My pals are here! :maths 5b / (Record no. 288283)
[ view plain ]
| 000 -LEADER | |
|---|---|
| fixed length control field | 00556nam a22001577a 4500 |
| 008 - FIXED-LENGTH DATA ELEMENTS--GENERAL INFORMATION | |
| fixed length control field | 150622b xxu||||| |||| 00| 0 eng d |
| 020 ## - INTERNATIONAL STANDARD BOOK NUMBER | |
| International Standard Book Number | 9789810109783 |
| 050 ## - LIBRARY OF CONGRESS CALL NUMBER | |
| Classification number | QA 13.5 .K45m5b 2008 |
| 100 ## - MAIN ENTRY--PERSONAL NAME | |
| Personal name | Kheong, Fong Ho |
| 245 ## - TITLE STATEMENT | |
| Title | My pals are here! :maths 5b / |
| Statement of responsibility, etc | Dr. Fong Ho Keong ; Gan Kee Soon ; Chelvi Ramakrishnan .-- |
| 250 ## - EDITION STATEMENT | |
| Edition statement | 2nd ed. |
| 260 ## - PUBLICATION, DISTRIBUTION, ETC. (IMPRINT) | |
| Place of publication, distribution, etc | Singapore : |
| Name of publisher, distributor, etc | Marshall Cavendish Education |
| Date of publication, distribution, etc | c2008. |
| 300 ## - PHYSICAL DESCRIPTION | |
| Extent | 186 pages : ., |
| Other physical details | color illustrations., |
| Dimensions | 27 cm. |
| Accompanying material | Textbook |
| 700 ## - ADDED ENTRY--PERSONAL NAME | |
| Personal name | Soon, Gan Kee., Ramkrishnan, Chelvi. |
| 942 ## - ADDED ENTRY ELEMENTS (KOHA) | |
| Source of classification or shelving scheme | Library of Congress Classification |
| Item type | Books |
| Withdrawn status | Lost status | Source of classification or shelving scheme | Damaged status | Home library | Current library | Shelving location | Date acquired | Source of acquisition | Total Checkouts | Full call number | Barcode | Date last seen | Price effective from | Koha item type |
|---|---|---|---|---|---|---|---|---|---|---|---|---|---|---|
| Library of Congress Classification | Luxembourg Library | Luxembourg Library | Teachers Reference Section | 06/22/2015 | Library Fund | QA 13.5 .K45m5b 2008 | 20065 | 07/23/2015 | 06/22/2015 | Books |